| 000 | 00871nam a2200229 a 4500 | ||
|---|---|---|---|
| 999 |
_c12631 _d12631 |
||
| 001 | 12631 | ||
| 003 | BD-JhCC | ||
| 005 | 20221023090624.0 | ||
| 008 | 221023s2019 bg a|||| |||| 000 0 mul d | ||
| 035 | _a(BD-JhCC)12631 | ||
| 040 |
_aBD-JhCC _dBD-JhCC |
||
| 041 | _aBangla | ||
| 041 | _aArabic | ||
| 082 |
_a745.619927 _bRAH 2021 |
||
| 100 | _aরহীম, মোহাম্মদ আবদুর | ||
| 245 |
_aসহজ ও সন্দর আরবী ক্যালিগ্রাফি : _bনাসখী লিপি / _cমোহাম্মদ আবদুর রহীম |
||
| 260 |
_aঢাকা : _bমজিদ পাবলিকেশন, _c২০১৯। |
||
| 300 |
_a৩১ পৃ. : _c১৯ সেমি. |
||
| 504 | _aগ্রন্থপঞ্জি অন্তর্ভূক্ত। | ||
| 650 | _aIslamic calligraphy | ||
| 942 |
_2ddc _cBK |
||